Statistiques concernant Pays d'Océanie

Cliquez ici pour prendre le quiz!

Statistiques générales

  • Ce quiz a été pris 33 fois
  • Le résultat moyen est 13 sur 15

Statistiques - réponses

Réponse% Correct
Australie
100%
Nouvelle-Zélande
100%
Fidji
97%
Îles Marshall
97%
Papouasie-Nouvelle-Guinée
97%
Îles Salomon
94%
Kiribati
91%
Micronésie
91%
Vanuatu
91%
Nauru
88%
Palaos
88%
Tonga
88%
Samoa
85%
Tuvalu
82%
Timor oriental
55%

Distribution des résultats

Percentile par nombre de réponses

% des personnes avec chaque résultat

Votre développement - résultats

Vous n’avez pas pris ce quiz